| 000 | 00915nam a22002417a 4500 | ||
|---|---|---|---|
| 005 | 20090822123818.0 | ||
| 008 | 090821t xxu||||| |||| 00| 0 eng d | ||
| 010 | _aENG-94815 | ||
| 020 |
_a9788183161992 _c700.00 |
||
| 020 |
_a8183161995 _c700.00 |
||
| 035 | _aEN-78348 | ||
| 037 | _bDBAD / PUB | ||
| 040 |
_adpl _bEnglish |
||
| 082 | _a370.1 | ||
| 100 | _aMrunalini, T. | ||
| 245 |
_aPhilosophical foundations of education / _cby T. Mrunalini ; foreworded by Ramesh Ghanta |
||
| 260 |
_aHyderbad _bNeelkamal Publications _c2008 |
||
| 270 |
_aSultan Bazar, _bHyderbad _e500095 |
||
| 300 |
_axvi, 376p. _c23cm(Hb) |
||
| 500 | _aIncludes bibliographical references and index | ||
| 942 |
_2ddc _cEN _mMRU _h370.1 |
||
| 999 |
_c29447 _d29447 |
||